English word or sentence - Statistiques

Statistiques générales
  • Ce quiz a été pris 310 fois
    286 depuis la dernière actualisation
  • Le résultat moyen est 5 sur 20
Statistiques - réponses
Français Anglais % Correct
Ongle (n.) nail
95%
Jupe (n.) skirt
93%
Une fraise (n.) strawberry
93%
Un vélo (n.) bike / bicycle
88%
Une cage (n.) cage
86%
Accessoire (n.) accessory
83%
Une porte (n.) door
81%
L'âme (n.) soul
81%
Un camion (n.) lorry / truck
76%
Un miroir (n.) mirror
76%
Une mouche (n.) fly
73%
Haricot (n.) bean
71%
Une chèvre (n.) goat
71%
Le goût (n.) taste
68%
Le garage (n.) garage
67%
Absent (adj.) absent
65%
Possibilité (n.) possibility
65%
Le sol / la terre (n.) ground
64%
Léger (adj.) light
63%
Le salon (n.) living room
63%
La tenue (n.) outfit
62%
Le toit (n.) roof / rooftop
62%
Une villa (n.) villa
61%
Four (n.) oven
60%
Un bus (n.) bus
59%
Un âne (n.) donkey
59%
Le carburant (n.) fuel
58%
Un voyage (n.) journey
57%
Sincère (adj.) sincere
57%
Un rouge à lèvre (n.) lipstick
56%
Chirurgie (n.) surgery
56%
Amer (adj.) bitter
55%
Une flèche (n.) arrow
50%
Facture (n.) bill
50%
Les rideaux (n.) curtain
50%
Sous-sol (n.) basement
47%
Le matériau (n.) material
47%
Le réseau (n.) network
47%
Un immeuble / batiment (n.) building
46%
La boite à lettre (n.) letterbox
45%
Le pantalon (n.) trousers
44%
Un casque (n.) helmet
43%
À l'étage / en haut (n.) upstairs
43%
Une station d'essence (n.) gas station
42%
Pétrole (n.) oil
42%
Un arrêt (de bus) (n.) stop
41%
Un perroquet (n.) parrot
39%
Un frisson (n.) shiver
39%
Polluant (adj.) polluting
38%
Séminaire (n.) seminar
38%
Investissement (n.) investment
37%
La ruine (n.) ruin / doom / rubble
35%
Énergie propre (n.) clean energy
33%
Combiné (adj.) combined
33%
Un cycliste (n.) cyclist
33%
Décoré (adj.) decorated
33%
En bas (n.) downstairs
33%
Main dans la main (phrase.) hand in hand
33%
Cuir (adj.) leather
33%
Étroit (adj.) narrow
33%
Fiable (adj.) reliable
33%
Régner (v.) to rule / to reign
33%
Á ce propos (phrase.) by the way
31%
Une moto (n.) motorbike
31%
Le chemin (n.) path
31%
Lisse (adj.) smooth
31%
Meuble (n.) furniture
30%
L'éclairage (n.) lighting
30%
Bouillir (v.) to boil
30%
En-dessous (adv.) down
29%
Admettre (v.) to admit
29%
Un véhicule (n.) vehicle
29%
Session d'examen (n.) exam session
28%
Le bord (n.) edge
27%
Baillement (n.) yawn
27%
Synonyme de "grincheux" (adj.) bothered / grumpy / crabby
25%
Cabine d'essayage (n.) changing room / fitting room
25%
Plume (n.) feather
25%
Spécialisation (n.) specialisation
24%
L'argile (n.) clay
23%
Formalité (n.) formality
23%
Frissoner / trembler (v.) to shiver
23%
Pratique médicale (n.) medical practice
22%
La manche (n.) sleeve
22%
Envelopper (v.) to wrap
21%
Domestique (adj.) domestic
20%
Synonyme de "en colère / furieux" (adj.) enraged / furious / livid
19%
Rassurant (adj.) reassuring
19%
L'énergie renouvelable (n.) renewable energy
18%
La taille (n.) size
18%
Une trompe d'éléphant (n.) trunk
17%
Faculté (n.) faculty
16%
Concevoir (v.) to design
15%
La sonnette (n.) doorbell
14%
Les jumelles (n.) binoculars
13%
Une pompe à chaleur (n.) heat pump
13%
Module (n.) module
13%
Rude (adj.) rough
13%
Hésiter (v.) to hesitate
13%
Une échelle (n.) lader
12%
Assorti (adj.) matching
12%
Un veau (n.) calf / veal
11%
Le quartier résidentiel (n.) residential area
11%
Saluer (v.) to greet
11%
L'éolienne (n.) wind turbine
11%
Fresque (n.) fresco
10%
En mouvement (adj.) in motion
10%
Des moules (n.) mussels
10%
Élégant (adj.) smart
9%
Diriger / diriger (v.) to manage
9%
Hors de prix (adj.) overpriced
8%
Piller (v.) to plunder
8%
Penser à / songer à (v.) to think about
8%
En-dessous (prep.) underneath
8%
Le bio-carburant (n.) bio-fuel
7%
Promenade (n.) stroll
7%
Injecter (v.) to inject
7%
Note de cours (n.) class notes
6%
Un car (n.) coach
6%
Pratique (adj.) convenient
6%
Calin (adj.) cuddly
6%
Le chauffage (n.) heating
6%
Architecte paysagiste (n.) landscape gardener
6%
Ensorceler (v.) to bewitch
6%
Fissurer (v.) to crack
6%
Déménager (v.) to move
6%
Fournir (v.) to provide
6%
Cueillir (v.) to rippen
6%
Science appliqué (n.) applied science
5%
Mélangeur (n.) blender
5%
Synonyme de "content" (adj.) cheery / elated / gleeful
5%
Un tarif (n.) fare
5%
attachez votre ceinture de sécurité (phrase) fasten your seat belt
5%
Une crevette (n.) prawn
5%
Horaire (n.) timetable
5%
Se moucher (v.) to blow your nose
5%
Favoriser (v.) to favour
5%
Panneau photovoltaïque (n.) photovoltaic panel
4%
Allée / Rayon (n.) aisle
0%
Le chemisier (n.) blouse
0%
Un chou (n.) cabbage
0%
assourdissent (adj.) deafening
0%
Le modèle (n.) design
0%
Appareil électrique (n.) electric appliance
0%
Fourniseur d'énergie (n.) energy supplier
0%
Faire le plein d'essence (v.) fill up the engine
0%
La cheminée (n.) fireplace
0%
Un épicier (n.) grocer
0%
Hydrolique (adj.) hydraulics
0%
Une carafe d'eau (n.) jug of water
0%
Hotte de cuisine (n.) kitchen hood
0%
L'élaboration (n.) making
0%
Synonyme de "triste" (adj.) melancholy / glum / sorrowful
0%
Synonyme de "intéressant" (adj.) mesmerising / captivating / spellbinding
0%
Clair de lune (n.) moonlit
0%
Ancien (adj.) old fashioned
0%
Réception (n.) reception desk
0%
Enneigé (adj.) snow-capped
0%
Léguer (v.) to bequeat / to demise
0%
Se spécialiser dans (v.) to be specialise in
0%
Se ronger les ongles (v.) to bite your nails
0%
Se peigner les cheveux (v.) to comb your hair
0%
Concevoir (v.) to design / to conceive
0%
Puiser / Extraire to draw
0%
Croiser les bras (v.) to fold your arms
0%
Entrer à (v.) (par exemple Harvard, Oxford) to get into
0%
Isoler (v.) to insulate
0%
Donner sur (v.) => La porte principale du batiment donne sur le colisée to lead onto
0%
Harceler (v.) to pester
0%
Serrer la main (v.) to shake hands
0%
Bien aller (v.) to suit
0%
Essayer (v.) to try on
0%
Saluer quelqu'un (v.) to wave to somebody
0%
Immense (adj.) very large
0%
Aucun quiz correspondant
Distribution des résultats
% des personnes avec chaque résultat
Percentile par nombre de réponses
Votre historique - résultats
Vous n’avez pas pris ce quiz depuis la dernière actualisation